Kuvavisa: Aasian suurimmat Z:lla alkavat kaupungit - Statistics

Yleistilastot
  • Tätä visaa on pelattu 4 kertaa
  • Keskiarvotulos 8 / 16
Vastaustilastot
Kuvavisa Hint Vastaus % Oikein
🇨🇳 1 340 000 Zhāngjiākǒu
100%
🇨🇳 850 000 Zhāngzhōu
100%
🇨🇳 1 400 000 Zhànjiāng
100%
🇨🇳 1 040 000 Zhàoqìng
100%
🇨🇳 6 460 000 Zhèngzhōu
100%
🇨🇳 1 060 000 Zhāngjiāgǎng
50%
🇨🇳 1 120 000 Zhènjiāng
50%
🇨🇳 2 210 000 Zhūhǎi
50%
🇨🇳 2 750 000 Zībó
50%
🇨🇳 1 680 000 Zūnyì
50%
🇨🇳 1 350 000 Zǎozhuāng
0%
🇨🇳 3 840 000 Zhōngshān
0%
🇨🇳 760 000 Zhūjì
0%
🇨🇳 1 510 000 Zhūzhōu
0%
🇨🇳 870 000 Zìgòng
0%
🇨🇳 760 000 Zōuchéng
0%
Ehtoja vastaavia visoja ei löytynyt
Tulosjakauma
Jokaisen tuloksen saaneiden osuus
Persentiili vastausten määrän mukaan
Tuloshistoriasi
Et ole pelannut tätä visaa